|
|
|
|
| LEADER |
00873nam a2200241 4500 |
| 001 |
4552284 |
| 003 |
GR-PaULI |
| 005 |
20210117211045.0 |
| 008 |
730621s1973 ilua b 001 0 eng |
| 952 |
|
|
|0 0
|1 0
|2 ddc
|4 0
|6 501_000000000000000_RAD
|7 0
|9 239796
|a LISP
|b LISP
|c BSC
|d 2020-03-03
|e ΜΙΧ
|i 142344
|l 0
|o 501 RAD
|p 025000267562
|r 2020-03-03 00:00:00
|t 1
|v 2020.00
|w 2020-03-03
|y BK15
|
| 999 |
|
|
|c 144810
|d 144810
|
| 010 |
|
|
|a 72080962
|
| 040 |
|
|
|a DLC
|c GR-PaULI
|d
|b gre
|e AACR2
|
| 082 |
0 |
4 |
|a 501
|2 23
|
| 100 |
1 |
|
|a Radnitzky, Gerard
|9 126064
|e συγγραφέας.
|
| 245 |
1 |
0 |
|a Contemporary schools of metascience /
|c Radnitzky Gerard.
|
| 250 |
|
|
|a [3d enl. ed.]
|
| 260 |
|
|
|a Chicago :
|b Henry Regnery,
|c [1973].
|
| 300 |
|
|
|a xl, 446 σ. ;
|b
|c 22 εκ.
|
| 500 |
|
|
|a
|
| 650 |
|
4 |
|a Επιστήμη
|x Φιλοσοφία.
|9 145969
|
| 942 |
|
|
|2 ddc
|c BK15
|
| 998 |
|
|
|c ΜΠΟΥΡΑΣ
|d 2020-03
|